Statistics for Bioshock Infinite Quiz

Click here to take the quiz!

General Stats

  • This quiz has been taken 827 times
    (824 since last reset)
  • The average score is 15 of 27

Answer Stats

HintAnswer% Correct
Who do you play as?Booker DeWit
99%
What are the initials engraved on the above's right hand?AD
87%
What year did the game come out?2013
80%
What is the name of the Phrophet?Zachary Hale Comstock
75%
What can Elizabeth open?Tears
73%
What style of game is it?First Person Shooter
72%
What city does Booker promise to take Elizabeth?Paris
72%
What's the name of Elizabeth's guardian?Songbird
72%
What part of Anna was severed when she was a baby?Pinkie finger
69%
Who is the publisher of the game?2K
67%
What does Robert paint a picture of?Himself
59%
What is the name of the male Lutece twin?Robert
58%
What do you need to power vigors?Salts
57%
What is the name of the a militant underground insurgency group led primarily by revolutionary Daisy FitzroyVox Populi
55%
What are the audio logs called?Voxophones
54%
What number ball does Booker pick up at the raffle?77
52%
What is Booker's objective?"Bring us the girl and wipe way the debt"
51%
What is the name of the female Lutece twin?Rosalind
45%
Who was framed for killing Lady Comstock?Daisy Fitzroy
44%
Who is the developer of the game?Irrational Games
44%
Who is the host of the annual Columbian event known as "The Raffle."Jeremiah Fink
38%
What film was shown in Paris in Elizabeth's first tear we see?Star Wars: Episode VI - Return of the Jedi
36%
What are the notes that she can control Songbird?C A G E
34%
What Cyndi Lauper song is featured in the game?Girls just wanna have fun
33%
Complete: "Lives, Lived, Will Live. ...""... Dies, Died, will Die"
32%
What differentiates the Lutece twins?A Chromosome
20%
Complete the quote: "The seed of the prophet shall sit the throne...""...and drown in flame the mountains of man"
12%

Score Distribution

Percentile by Number Answered

Percent of People with Each Score

Your Score History

You have not taken this quiz since the last reset